| 000 | 00419nam a2200157Ia 4500 | ||
|---|---|---|---|
| 008 | 210716s2000 xx 000 0 und d | ||
| 020 | _a8176353876 | ||
| 041 | _aeng | ||
| 082 | _a004.604 BOUG | ||
| 100 | _aBouton, Gary David. | ||
| 245 | _aAdobe photoshop 5.5 fundamentals with image ready 2. | ||
| 250 | _a1 | ||
| 260 |
_aNew Delhi _bTechmedia _c2000 |
||
| 300 | _axviii,529 | ||
| 650 | _aWeb Design & Development | ||
| 999 |
_c184823 _d184823 |
||